Представление документа в формате RUSMARC

ПолеНазваниеЗначение
  Тип записи a
  Библиографический уровень m
001 Контрольный номер RU/УОНБ/EK_N/605872601
005 Дата корректировки 20251120120524.3
010 Индекс ISBN __
9 Тираж 12430 экз.
013 Номер (ISMN) __
d Цена 45 к.
071 Издательские номер (звукозапись и ноты) 21
a Номер, присвоенный агентством 7541
100 Данные общей обработки __
a Данные общей обработки 20190314d1986 u y0rusy0189||||ca
101 Язык документа 0_
a Язык текста rus
f Язык титульного листа rus
102 Страна публикации __
a Страна публикации RU
105 Кодированные данные (монография) __
a Кодированные данные (монография) y###||||000|y
125 Кодированные данные звукозаписи и нотных изданий __
a Форма изложения нотного текста с|
128 Кодированные данные (звукозаписи-физические характеристики) __
a Кодированные данные: Музыкальная форма и тональность или лад fm
c Инструменты или голоса, рекомендуемые для солистов (устаревшее) kt||
200 Заглавие и сведения об ответственности 1_
a Заглавие Вып. 20
b Общее обозначение материала Ноты
f Первые сведения об ответственности сост. Ф. Бушуев
210 Выходные данные 1_
d Дата издания 1986
215 Физическое описание __
a Объем 31 с.
327 Примечание о содержании __
a Примечание о содержании Содерж. : Сидел Ваня : рус. нар. песня / обраб. Н. Римского-Корсакова. - Уваровские частушки / обраб. П. Лондонова. - Три садочка : рус. нар. песня / обраб. В. Бухвостова. - Чтой-то звон : рус. нар. песня / обраб. В. Иванова. - Гуси : рус. нар. песня / обраб. А. Коробейникова. - Тонкая рябина : рус. нар. песня / обраб. В. Капустяка. - Мисяць на нэби : укр. нар. песня / обраб. В. Селезнева. - Кума моя, кумочка : белорус. нар. песня / обраб. В. Грачева. - Ночь : арм. нар. песня / обраб. В. Ефимова. - Ханись : пол. нар. песня / обраб. А. Сударикова. - Озера : рус. нар. песня ; Пiшла мати на село : укр. нар. песня ; Юла : молд. нар. танец / обраб. Ф. Бушуева. - Коробейники : рус. нар. песня ; Вяндра-полька : эст. нар. танец / обраб. П. Шашкина. - Кудрявая рябина : рус. нар. песня ; Ти ж мене пiдманула : укр. нар. песня / обраб. С. Павина.
461 Уровень набора _0
1 001RU/УОНБ/EK_N/604769480
1 200
a Народные песни и танцы
b Ноты
e в обраб. для баяна
v Вып. 20
1 210
a М.
c Советский композитор
d 1974 -
464 Аналитический уровень _0
1 2001
a Сидел Ваня
e рус. нар. песня
1 702 1
a Римский-Корсаков
b Н.
4 030
464 Аналитический уровень _0
1 2001
a Уваровские частушки
1 702 1
a Лондонов
b П.
4 030
464 Аналитический уровень _0
1 2001
a Три садочка
e рус. нар. песня
464 Аналитический уровень _0
1 2001
a Чтой-то звон
e рус. нар. песня
464 Аналитический уровень _0
1 2001
a Гуси
e рус. нар. песня
464 Аналитический уровень _0
1 2001
a Тонкая рябина
e рус. нар. песня
464 Аналитический уровень _0
1 2001
a Мисяць на нэби
e укр. нар. песня
464 Аналитический уровень _0
1 2001
a Кума моя, кумочка
e белорус. нар. песня
464 Аналитический уровень _0
1 2001
a Ночь
e арм. нар. песня
464 Аналитический уровень _0
1 2001
a Ханись
e пол. нар. песня
464 Аналитический уровень _0
1 2001
a Озера
e рус. нар. песня
464 Аналитический уровень _0
1 2001
a Коробейники
e рус. нар. песня
464 Аналитический уровень _0
1 2001
a Кудрявая рябина
e рус. нар. песня
464 Аналитический уровень _0
1 2001
a Пiшла мати на село
e укр. нар. песня
464 Аналитический уровень _0
1 2001
a Юла
e молд. нар. танец
464 Аналитический уровень _0
1 2001
a Вяндра-полька
e эст. нар. танец
464 Аналитический уровень _0
1 2001
a Ти ж мене пiдманула
e укр. нар. песня
512 Заглавие обложки 1_
a Заглавие обложки Народные песни и танцы
606 Тематические рубрики 0_
a Основная рубрика Баян
x Основная подрубрика Народные песни и танцы
610 Ключевые слова 0_
a Ключевые слова баян
610 Ключевые слова 0_
a Ключевые слова народные песни
610 Ключевые слова 0_
a Ключевые слова народные танцы
686 Индексы других классификаций __
a Классификационный индекс 85.954.6-092я43
2 Код системы rubbk
702 Вторичная интеллектуальная ответственность _1
a Фамилия Бушуев
b Имя (инициалы) Ф.
4 Код отношения 220
801 Источник записи _0
a Страна RU
b Организация Ульяновская ОНБ
c Дата составления 20190314
g Правила каталогизации RCR
801 Источник записи _1
a Страна RU
b Организация Ульяновская ОНБ
c Дата составления 20190314
g Правила каталогизации RCR
901 Тип документа __
t Тип документа n
w Контрольный № источника RU/УОНБ/EK_N/604769480
909 Создатель записи __
a Создатель записи Грязнова И. Е.
938 Служебная информация __
a Имя БД noti
b Имя библиотеки УОНБ
c Имя АИБС МАРК-SQL
d Номер DOC_ID в БД 20234